000 00992cam a2200313 i 4500
001 000008867
003 DO-SdBNP
005 20250428113117.0
007 ta
008 250428s2013 cu 000 f spa d
020 _a9789997000194
040 _aDO-SdBNP
_bspa
_cBNPHU
_erda
041 _hspa
082 _axxx
_bL637h
_222
100 1 _aLespinasse, Pierre Eugéne, de
_eautor
_923419
245 1 0 _aHaiti et la restauration de L`independence dominicaine /
_cPierre Eugéne del Lespinasse, Jean Price-Mars, Agustín Ferrer Guitierrez
264 _aPort-Au-Prince, Haiti :
_bTours Droits Reservés ;
_c2013
300 _a279 páginas. ;
_c22 cm.
336 _ardacontent
_btexto
_2txt
337 _ardamedia
_bsin mediación
_2n
338 _ardacarrier
_bvolumen
_2nc
590 _aInventariado,2025/DG
650 4 _92316
650 _91483
700 1 _aPrice-Mars, Jean
_eautor
_973256
700 1 _aFerrer Gutiérrez, Agustín
_eautor
_987549
910 _aDG
942 _2ddc
_cLBS1
999 _c58828
_d58828